Desinfección poda e injerto de arboles frutales / (Record no. 9480)

000 -CABECERA
fixed length control field 00833nam a22002177a 4500
003 - IDENTIFICADOR DEL NÚMERO DE CONTROL
control field AR-CdUCM
008 - DATOS DE LONGITUD FIJA--INFORMACIÓN GENERAL
fixed length control field 190328b ||||| |||| 00| 0 spa d
040 ## - FUENTE DE LA CATALOGACIÓN
Agencia/entidad que catalogó originalmente la obra MUNICIPALIDAD PROVINCIAL DEL CUSCO
Entidad que transcribió la catalogación BIBLIOTECA MUNICIPAL DEL CUSCO
082 ## - NÚMERO DE LA CLASIFICACIÓN DECIMAL DEWEY
No. de Clasificación 631.5 /
Notacion interna L17 / 1935
100 ## - ENTRADA PRINCIPAL--NOMBRE DE PERSONA
Nombre Personal Lagarde, Juan B.
245 ## - MENCIÓN DE TÍTULO
Título Desinfección poda e injerto de arboles frutales /
260 ## - PUBLICACIÓN, DISTRIBUCIÓN, ETC.
Lugar de publicación, distribución, etc. Santiago de chile :
Nombre de la editorial, distribuidor, etc. Cultura,
Fecha de publicación, distribución, etc. 1935.
300 ## - DESCRIPCIÓN FÍSICA
Nº de Páginas Extensión 159 páginas ;
Dimensiones 19 cm.
440 ## - MENCIÓN DE SERIE/PUNTO DE ACCESO ADICIONAL--TÍTULO
Título Libros de utilidad práctica
Número de la parte/sección de una obra 13
9 (RLIN) 25698
505 ## - NOTA DE CONTENIDO CON FORMATO
Nota de contenido formateada Contenido : Constitución de las plantas -- Organización y funciones de las plantas -- De la forma natural -- Los elementos del podador -- Teoría de la poda ...
650 ## - PUNTO DE ACCESO ADICIONAL DE MATERIA--TÉRMINO DE MATERIA
Descriptor Manejo
9 (RLIN) 22123
650 ## - PUNTO DE ACCESO ADICIONAL DE MATERIA--TÉRMINO DE MATERIA
Descriptor Plantas
9 (RLIN) 19530
650 ## - PUNTO DE ACCESO ADICIONAL DE MATERIA--TÉRMINO DE MATERIA
Descriptor Árboles frutales
9 (RLIN) 21091
942 ## - ELEMENTOS DE PUNTO DE ACCESO ADICIONAL (KOHA)
Fuente de clasificación
Tipo de item Libros-BMC
945 ## - PROCESAMIENTO DE INFORMACIÓN LOCAL (OCLC)
Catalogador rah
Holdings
Estado de retiro (separado) Fuente de clasificación o esquema de estanterías Estado dañado Ubicación Sala donde se ubica Nombre de la colección Fecha de adquisición o compra Costo, precio normal en soles Signatura topográfica Código de Barras Última vez visto (Koha) Tipo de ítem (Koha)
No     Sala Cusco Antiguo Sala Cusco Antiguo Book Cart 2019-03-28 30.00 631.5 / L17 / 1935 SCA0000173 2019-03-28 Libros-BMC

Powered by Koha